Zachránili babičku električku

Bibliographic Details
Format: Article
Language:Slovak
PhysicalDescription:1 obr.
Subjects:

MARC

LEADER 00000nab a2200000 a 4500
001 vtls000903232
003 SK-MaSNL
005 20260302172724.0
008 040720e19980318xo 0 slo
035 |a KE12201 
040 |a KEVKJB  |b slo  |c KEVKJB  |e AACR2 
041 0 |a slo 
044 |a xo  |c SK 
080 |a 629.43  |2 1981 
245 0 0 |a Zachránili babičku električku 
300 |b 1 obr. 
518 |a 1908 
610 2 7 |a Historická spoločnosť mestskej dopravy v Košiciach (občianske združenie)  |2 KEVKJB  |9 58264 
650 0 7 |a mestská doprava  |2 KEVKJB  |9 69482 
650 0 7 |a historické električky  |2 snkbucl  |9 879200 
651 7 |a Košice (Slovensko)  |2 KEVKJB  |9 18694 
773 0 8 |t Košický večer  |g Roč. 9  |g Roč. 30, č.53, 18.3.1998, s. 1 
852 |a ZVYKNI  |b KIS3GCP 
999 |c 1399549  |d 1401479